Представление документа в формате RUSMARC

Поле Инд. ПП Название Значение
Тип записи a
Библиографический уровень a
001 Контрольный номер af029a6a7e174c2397e39d226b09f129
005 Дата корректировки 20181120134522.7
100 a Данные общей обработки 20180622 ||| 0rusy0189 ca
101 0_ a Язык текста rus
102 a Страна публикации RU
200 1_ f Первые сведения об ответственности Е.Б. Михайленко, Т.В. Вербицкая
a Заглавие Участие субъектов Российской Федерации в осуществлении международной деятельности: вопросы теории и практики
210 d Дата издания 2018
461 _0 1 2000
a Государственная власть и местное самоуправление
463 _0 1 2000
a №4
v С. 26-30
1 2101
d 2018
1 00145b2a00fe46043c7ae59e93438c31bca
606 a Основная рубрика Муниципальное право
610 0_ a Ключевые слова СУБЪЕКТЫ РФ; ВНЕШНЕЭКОНОМИЧЕСКАЯ ДЕЯТЕЛЬНОСТЬ; МЕЖДУНАРОДНЫЕ ОТНОШЕНИЯ
700 _1 a Фамилия Михайленко
b Имя Е.Б.
701 _1 a Фамилия Вербицкая
b Имя Т.В.
801 _0 a Страна RU
b Организация РГУП
c Дата составления 20180622
g Правила каталогизации PSBO
801 _1 a Страна RU
b Организация РГУП
c Дата составления 20180622
g Правила каталогизации PSBO
901 t Тип документа b
w Контрольный № источника 45b2a00fe46043c7ae59e93438c31bca
905 a Дата ввода 20180622